Contribution of complementary foods to nutritional needs of young children : case study in Ouémé valley (Record no. 31624)
[ view plain ]
| 000 -LEADER | |
|---|---|
| fixed length control field | 01231 a2200361 4500 |
| 041 ## - CODE DE LANGUE | |
| Language code of summary or abstract/overprinted title or subtitle | Fr. |
| 040 ## - SOURCE DU CATALOGAGE | |
| Original cataloging agency | Support |
| 041 ## - CODE DE LANGUE | |
| Language code of summary or abstract/overprinted title or subtitle | Fr. |
| 041 ## - CODE DE LANGUE | |
| Language code of summary or abstract/overprinted title or subtitle | En. |
| 100 ## - VEDETTE PRINCIPALE - NOM DE PERSONNE | |
| Personal name | MITCHIDIGNI, Irène Mèdémè |
| 130 ## - VEDETTE PRINCIPALE - TITRE UNIFORME | |
| Language of a work | Fr. |
| 100 ## - VEDETTE PRINCIPALE - NOM DE PERSONNE | |
| Affiliation | Abomey-Calavi, Université d'Abomey-Calavi, Faculté des Sciences Agronomiques, Bj |
| 240 ## - UNIFORM TITLE | |
| Uniform title | <a href="Contribution des aliments de complément à la couverture des besoins nutritionnels des jeunes enfants : cas de la vallée de l'Ouémé">Contribution des aliments de complément à la couverture des besoins nutritionnels des jeunes enfants : cas de la vallée de l'Ouémé</a> |
| 260 ## - PUBLICATION, DISTRIBUTION, ETC. (IMPRINT) | |
| Place of publication, distribution, etc | Abomey-Calavi |
| 260 ## - PUBLICATION, DISTRIBUTION, ETC. (IMPRINT) | |
| Name of publisher, distributor, etc | FSA/UAC |
| 245 ## - TITLE STATEMENT | |
| Title | Contribution of complementary foods to nutritional needs of young children : case study in Ouémé valley |
| 260 ## - PUBLICATION, DISTRIBUTION, ETC. (IMPRINT) | |
| Date of publication, distribution, etc | 18 Décembre 2002 |
| 300 ## - PHYSICAL DESCRIPTION | |
| Extent | XVIII-92 p. |
| 300 ## - PHYSICAL DESCRIPTION | |
| Other physical details | 29 cm |
| 502 ## - DISSERTATION NOTE | |
| Dissertation note | Thèse pour l'obtention du Diplôme d'Ingénieur Agronome |
| 500 ## - GENERAL NOTE | |
| General note | Annexes |
| 653 1# - INDEX TERM--UNCONTROLLED | |
| Uncontrolled term | Nutrition et Sciences Alimentaires |
| 650 ## - SUBJECT ADDED ENTRY--TOPICAL TERM | |
| Topical term or geographic name as entry element | BESOIN NUTRITIONNEL |
| 650 ## - SUBJECT ADDED ENTRY--TOPICAL TERM | |
| Topical term or geographic name as entry element | NUTRITION HUMAINE |
| 650 ## - SUBJECT ADDED ENTRY--TOPICAL TERM | |
| Topical term or geographic name as entry element | ETAT NUTRITIONNEL |
| 650 ## - SUBJECT ADDED ENTRY--TOPICAL TERM | |
| Topical term or geographic name as entry element | ENFANT |
| 650 ## - SUBJECT ADDED ENTRY--TOPICAL TERM | |
| Topical term or geographic name as entry element | MALNUTRITION |
| 650 ## - SUBJECT ADDED ENTRY--TOPICAL TERM | |
| Topical term or geographic name as entry element | VALLEE DE L'OUEME |
| 653 #1 - INDEX TERM--UNCONTROLLED | |
| Uncontrolled term | Nutrition Humaine |
| 651 ## - SUBJECT ADDED ENTRY--GEOGRAPHIC NAME | |
| Geographic name | BENIN |
| 710 ## - ADDED ENTRY--CORPORATE NAME | |
| Corporate name or jurisdiction name as entry element | Abomey-Calavi, Université d'Abomey-Calavi, Faculté des Sciences Agronomiques, Bj |
| Withdrawn status | Lost status | Damaged status | Not for loan | Location (home branch) | Sublocation or collection (holding branch) | Date acquired | Koha issues (times borrowed) | Koha full call number | Koha date last seen | Copy number | Price effective from | Koha item type | Public note |
|---|---|---|---|---|---|---|---|---|---|---|---|---|---|
| Bibliothèque-Centre de Documentation de la Faculté des Sciences Agronomiques | Bibliothèque-Centre de Documentation de la Faculté des Sciences Agronomiques | T.NSA.2002.004 | 28/02/2009 | 01 | 28/02/2009 | Livre | A.9432 |